Incident at an injunction (Record no. 71207)
[ view plain ]
| 000 -LEADER | |
|---|---|
| fixed length control field | 01177cam a2200205 4500 |
| 001 - CONTROL NUMBER | |
| control field | ABS65899 |
| 008 - FIXED-LENGTH DATA ELEMENTS--GENERAL INFORMATION | |
| fixed length control field | 020924n2002 000 0 eng u |
| 035 ## - SYSTEM CONTROL NUMBER | |
| System control number | (Sirsi) u119824 |
| 100 ## - MAIN ENTRY--PERSONAL NAME | |
| Personal name | Minogue, A |
| 245 ## - TITLE STATEMENT | |
| Title | Incident at an injunction |
| 260 ## - PUBLICATION, DISTRIBUTION, ETC. | |
| Date of publication, distribution, etc. | 2002 |
| 490 ## - SERIES STATEMENT | |
| Series statement | Building |
| Volume/sequential designation | 267(8244) 26 July 2002, 47(1) |
| 520 ## - SUMMARY, ETC. | |
| Summary, etc. | Examines the issuing of injunctions in the construction industry, and the occasions when the claimant applies too late. Describes "Mark Gregory and Jacqueline Gregory v Court Royal Ltd and Castleoak (Tunbridge Wells)"[2002] where the claimant (M) was unaware of a restrictive covenant on a site being developed next door by the defendant (C). Once M became aware of the restrictive covenant he had an interim injunction issued against C but the judge ruled the works were too far along to make stopping practical. Concludes claimants should be aware of their rights and exercise them immediately. |
| 590 ## - LOCAL NOTE (RLIN) | |
| Local note | ABS |
| 650 ## - SUBJECT ADDED ENTRY--TOPICAL TERM | |
| Topical term or geographic name entry element | MARK GREGORY AND JACQUELINE GREGORY V COURT ROYAL LTD AND CASTLEOAK (TUNBRIDGE WELLS) |
| 650 ## - SUBJECT ADDED ENTRY--TOPICAL TERM | |
| Topical term or geographic name entry element | RESTRICTIVE COVENANTS |
| 650 ## - SUBJECT ADDED ENTRY--TOPICAL TERM | |
| Topical term or geographic name entry element | INJUNCTIONS |
| 690 ## - LOCAL SUBJECT ADDED ENTRY--TOPICAL TERM (OCLC, RLIN) | |
| Topical term or geographic name as entry element | BUILDING AND CONSTRUCTION-CASE LAW |
| 942 ## - ADDED ENTRY ELEMENTS (KOHA) | |
| Suppress in OPAC | 0 |
| Withdrawn status | Lost status | Source of classification or shelving scheme | Damaged status | Not for loan | Home library | Current library | Shelving location | Date acquired | Total Checkouts | Full call number | Barcode | Date last seen | Copy number | Price effective from | Koha item type |
|---|---|---|---|---|---|---|---|---|---|---|---|---|---|---|---|
| Dewey Decimal Classification | London | London | Journal article | 24/09/2002 | ABS65899 | 119824-1001 | 06/08/2019 | 1 | 06/08/2019 | Journal article |